| 000 | 00763nam a22002177a 4500 | ||
|---|---|---|---|
| 008 | 160930b xxu||||| |||| 00| 0 eng d | ||
| 020 | _a0397512155 | ||
| 020 | _a9780397512157 | ||
| 050 |
_aQR 67 _b.I58 1994 |
||
| 100 | _aKonman, Elmer W. | ||
| 245 |
_aIntroductio diagonostic microbiology/ _cElmer W. Koneman, Stephen D. Allen, William M. Janda, Paul C. Schreckenberger and Washington C. Winn. |
||
| 260 |
_aPhilaphedia : _bLippincott Company, _cc1994. |
||
| 300 |
_axiii, 527p. : _bill. ; _c26cm. |
||
| 500 | _aInclude index,. | ||
| 650 | _2Microbiology. | ||
| 700 | _aAllen, Stephen D. | ||
| 700 | _aJanda, William M. | ||
| 700 | _aSchreckenberger, Paul C. | ||
| 700 | _aWinn, Washington C. | ||
| 942 |
_2lcc _cBOOKS _hQA 67 .I58 1994 |
||
| 999 |
_c14396 _d14396 |
||